Алгебра. Ч. 2: Задачник (Запись № 10834504)

Подробности
000 -МАРКЕР
контрольное поле 01150nam2a2200253 4500
001 - ИДЕНТИФИКАТОР ЗАПИСИ
контрольное поле RU\NLR\BIBL_A\010973252
005 - ИДЕНТИФИКАТОР ВЕРСИИ
контрольное поле 20250624204533.0
010 ## - МЕЖДУНАРОДНЫЙ СТАНДАРТНЫЙ НОМЕР КНИГИ (ISBN)
Номер (ISBN) 978-5-346-03376-9
Уточнения ч. 2
Тираж 2000
021 ## - НОМЕР ГОСУДАРСТВЕННОЙ РЕГИСТРАЦИИ
Код страны Российская Федерация
Номер 2016-1687
Номер Листа государственной регистраци 104
021 ## - НОМЕР ГОСУДАРСТВЕННОЙ РЕГИСТРАЦИИ
Код страны Российская Федерация
Номер 2016-46934
Номер Листа государственной регистраци 3020
035 ## - ДРУГИЕ СИСТЕМНЫЕ НОМЕРА
Идентификатор записи (NLR Aleph) 010973252
100 ## - ДАННЫЕ ОБЩЕЙ ОБРАБОТКИ
Данные общей обработки 20160208d2015 |||y0rusy50 ca
101 0# - ЯЗЫК РЕСУРСА
Язык текста, звукозаписи и т.д. русский
102 ## - СТРАНА ПУБЛИКАЦИИ ИЛИ ПРОИЗВОДСТВА
Страна публикации Российская Федерация
105 ## - ПОЛЕ КОДИРОВАННЫХ ДАННЫХ: ТЕКСТОВЫЕ МАТЕРИАЛЫ, МОНОГРАФИЧЕСКИЕ
Кодированные данные о монографическом текстовом документе a j 000yy
200 1# - ЗАГЛАВИЕ И СВЕДЕНИЯ ОБ ОТВЕТСТВЕННОСТИ
Основное заглавие Задачник
210 ## - ПУБЛИКАЦИЯ, РАСПРОСТРАНЕНИЕ И ДР.
Дата издания, распространения и т.д. 2015
Место издания, распространения и т.д. Б. м.
215 ## - ФИЗИЧЕСКАЯ ХАРАКТЕРИСТИКА
Специфическое обозначение материала и объем 342, [1] с.
Другие сведения о физической характеристике ил.
461 #0 - УРОВЕНЬ НАБОРА
Встроенное поле 001RU\NLR\BIBL_A\011098819
-- 2001#$aАлгебра$e8 класс$eдля учащихся общеобразовательных организаций$eв 2 ч.$f[А.Г. Мордкович и др.]$gпод ред. А.Г. Мордковича$vЧ. 2
Системный номер (АБИС) связанной записи 11408454
Место публикации Москва
Дата публикации 2015
Издание 13-е изд., стер.
Первые сведения об ответственности [А.Г. Мордкович и др.]
Имя издателя, распространителя и т.д. Мнемозина
Сведения, относящиеся к заглавию 8 класс : для учащихся общеобразовательных организаций : в 2 ч.
Заглавие Алгебра
ISBN 9785346033745
Номер тома Ч. 2
942 ## - ДОПОЛНИТЕЛЬНЫЕ ЭЛЕМЕНТЫ ЗАПИСИ (АБИС)
Тип экземпляра АБИС Книга
980 ## - КОЛЛЕКЦИЯ
Название коллекции Национальная библиография
Экземпляры
Тип экземпляра Дата поступления Источник поступления Библиотека постоянного хранения Библиотека текущего хранения Место хранения Шифр хранения Штрих-код Статус экземпляра
Книга 08.02.2016 Обязательный экземпляр РНБ (Московский) РНБ (Московский) Русский книжный фонд: издания с 1957 года 2016-5/987 1-1370637  
Книга 08.02.2016 Обязательный экземпляр РНБ (Московский) РНБ (Московский) Обменный фонд   1-1370636  
Книга 22.06.2016 Обязательный экземпляр РНБ (Московский) РНБ (Московский) Обменный фонд   1-1286570  
Книга 22.06.2016 Обязательный экземпляр РНБ (Московский) РНБ (Московский) Обменный фонд   1-1286571